Statistics for Astronomical Symbols

Click here to take the quiz!

General Stats

  • This quiz has been taken 42 times
  • The average score is 10 of 15

Answer Stats

Answer % Correct
Pluto
88%
Earth
83%
Mars
79%
Neptune
79%
{Moon} (crescent)
79%
Mercury
75%
Sun
75%
Venus
75%
a {comet}
67%
a {star}
63%
Saturn
58%
Uranus
58%
{Moon} (full)
54%
Jupiter
54%
Ceres
42%

Score Distribution

Percentile by Number Answered

Percent of People with Each Score

Your Score History

You have not taken this quiz